|
|
|
|
| LEADER |
00000nab a2200000ua 4500 |
| 001 |
vtls010755680 |
| 003 |
SK-MaSNL |
| 005 |
20260304200504.0 |
| 008 |
250718s1972 xo |||||||||||||||||slo| |
| 035 |
|
|
|a (urnnbn)urn:nbn:sk:snk:ar-a001eb
|
| 035 |
|
|
|a (uuid)55db95c0-ae15-42fd-9319-788c9cc49209
|
| 035 |
|
|
|a urn:nbn:sk:snk-ab4z1o
|
| 040 |
|
|
|a SNKBUCL
|b slo
|c SNKBUCL
|e AACR2
|
| 041 |
0 |
|
|a slo
|
| 044 |
|
|
|a xo
|c SK
|
| 100 |
1 |
|
|a PaS
|4 aut
|9 1132924
|
| 245 |
1 |
0 |
|a Priebeh chovu a dodávka VČELÍCH MATIEK
|c Pas
|
| 773 |
0 |
|
|t Včelár : odborný časopis Povereníctva poľnohospodárstva a lesného hospodárstva a Ústredia včelárskych združení na Slovensku
|g Roč. 46, č. 1 (1972), s. 11
|
| 850 |
|
|
|a Slovenská národná knižnica
|
| 852 |
|
|
|a Slovenská národná knižnica
|
| 954 |
|
|
|a odborná, vedecká literatúra pôvodná (slovenská)
|2 lita
|
| 958 |
|
|
|a article3
|
| 958 |
|
|
|a OND
|
| 958 |
|
|
|a EUIPO
|
| 999 |
|
|
|c 3088700
|d 3090630
|